| 000 | 00661nam a2200229 a 4500 | ||
|---|---|---|---|
| 003 | MX-MxUPN | ||
| 005 | 20240611095238.0 | ||
| 008 | 991125s1886 fr a r 000 0 spa d | ||
| 035 | _aUPN01000041514 | ||
| 040 |
_aMX-MxUPN _bspa _cMX-MxUPN |
||
| 041 | 0 | _aspa | |
| 050 | 1 | 4 |
_aQ839 _bF6.6 |
| 100 | 1 |
_aFoster, M. _952270 |
|
| 245 | 1 | 0 | _aNociones de fisiología |
| 260 |
_aParís : _bLibrería de Garnier Hermanos, _c1886 |
||
| 300 |
_a159 páginas : _bilustraciones |
||
| 490 | 0 | _aCartillas científicas | |
| 650 | 4 |
_aFisiología _xEstudio y enseñanza _920838 |
|
| 650 | 4 |
_aFisiología _vLibros de texto _951470 |
|
| 904 |
_aAC _b041516 |
||
| 942 |
_2lcc _cLIBRO |
||
| 999 |
_c41514 _d41514 |
||